|
|
|
|
| LEADER |
01864nam a2200301 a 4500 |
| 001 |
GR-Patra33350 |
| 008 |
031107s2009 gr e 000 0 gre d |
| 020 |
|
|
|a 960319199X
|
| 082 |
|
0 |
|a 519.5
|
| 100 |
1 |
|
|a Χουβαρδάς, Βασίλης
|
| 245 |
1 |
0 |
|a Στατιστική επιχειρήσεων /
|c Βασίλη Χουβαρδά.
|
| 250 |
|
|
|a 2η έκδ.
|
| 260 |
|
|
|a Αθήνα :
|b Μακεδονικές Εκδόσεις,
|c c2009
|
| 300 |
|
|
|a 364σ.
|
| 500 |
|
|
|a Σύστημα "ΕΥΔΟΞΟΣ": αρ. εισ. 52553-52554, 53850
|
| 504 |
|
|
|a Περιλαμβάνει Βιβλιογραφία
|
| 610 |
|
4 |
|a Σύστημα ΕΥΔΟΞΟΣ
|
| 650 |
|
4 |
|a ΕΠΙΧΕΙΡΗΣΕΙΣ
|
| 650 |
|
4 |
|a Στατιστική
|
| 710 |
0 |
|
|a Μακεδονικές Εκδόσεις
|
| 942 |
|
|
|2 ddc
|
| 952 |
|
|
|0 0
|1 0
|2 ddc
|4 0
|6 519_500000000000000_XOY
|7 0
|9 314836
|a LISK
|b LISK
|c BSC
|d 2021-01-17
|e 24
|f 0
|g 0.00
|l 0
|o 519.5 XOY
|p 92410054243
|r 2021-01-17 00:00:00
|t 1
|w 2021-01-17
|y BK15
|x 20130828 0 1
|x GrPaTEI
|
| 952 |
|
|
|0 0
|1 0
|2 ddc
|4 0
|6 519_500000000000000_XOY
|7 0
|9 314837
|a LISK
|b LISK
|c BSC
|d 2021-01-17
|e 24
|f 2
|g 0.00
|l 0
|o 519.5 XOY
|p 92410054244
|r 2021-01-17 00:00:00
|t 1
|w 2021-01-17
|y BK15
|x 20130828 0 1
|x GrPaTEI
|
| 952 |
|
|
|0 0
|1 0
|2 ddc
|4 0
|6 519_500000000000000_ΧΟΥ
|7 0
|9 314839
|a LISK
|b LISK
|c EUD
|d 2021-01-17
|e 24
|f 0
|g 0.00
|l 0
|o 519.5 ΧΟΥ
|p 92410052554
|r 2021-01-17 00:00:00
|t 1
|w 2021-01-17
|y BK15
|x 20130416 0 1
|x GrPaTEI
|
| 952 |
|
|
|0 0
|1 0
|2 ddc
|4 0
|6 519_500000000000000_ΧΟΥ
|7 1
|9 314840
|a LISK
|b LISK
|c EUD
|d 2021-01-17
|e 24
|f 0
|g 0.00
|l 0
|o 519.5 ΧΟΥ
|p 92410053850
|r 2021-01-17 00:00:00
|t 1
|w 2021-01-17
|y BKN
|x 20130416 0 0
|x GrPaTEI
|
| 952 |
|
|
|0 0
|1 0
|2 ddc
|4 0
|6 519_500000000000000_XOY
|7 0
|9 314841
|a LISK
|b LISK
|c ALF
|d 2021-01-17
|e 24
|f 0
|g 0.00
|l 0
|o 519.5 XOY
|p 92410058164
|r 2021-01-17 00:00:00
|t 1
|w 2021-01-17
|y BK15
|x 20131108 0 1
|x GrPaTEI
|
| 971 |
|
|
|a .b26809229
|b 01-10-20
|c 26-09-16
|
| 999 |
|
|
|c 179791
|d 179791
|